Countries That Have Hosted The Olympics - Statistics

General Stats
  • This quiz has been taken 97 times
    59 since last reset
  • The average score is 24 of 28
Answer Stats
Year Type City Country % Correct
1916 Summer Berlin Germany
100%
1896 Summer Athens Greece
100%
1956 Summer Australia
98%
1940 Winter Japan
98%
2016 Summer Brazil
95%
1944 Winter Italy
95%
1976 Summer Canada
93%
1988 Winter Canada
93%
2008 Summer China
93%
1900 Summer Paris France
93%
1968 Summer Mexico
93%
2014 Winter Russia
93%
1988 Summer South Korea
93%
1908 Summer London Sweden
93%
1904 Summer St Louis United States
93%
1920 Summer Belgium
90%
1940 Summer Finland
90%
1928 Summer Netherlands
90%
1952 Winter Norway
90%
1992 Summer Spain
90%
1912 Summer Stockholm United Kingdom
90%
1964 Winter Austria
86%
1928 Winter Switzerland
86%
1980 Summer Soviet Union
79%
2018 Youth (Summer) Argentina
71%
1984 Winter Yugoslavia
69%
2010 Youth (Summer) Singapore
29%
2022 Youth (Summer) Senegal
19%
No matching quizzes found
Score Distribution
Percent of People with Each Score
Percentile by Number Answered
Your Score History
You have not taken this quiz since the last reset